|
|
|
|
| LEADER |
00000nam0a2200000 4500 |
| 001 |
246572 |
| 005 |
20231101232223.0 |
| 010 |
|
|
|a 5020027146
|
| 020 |
|
|
|a RU
|b 90-34608ж
|
| 035 |
|
|
|a (RuTPU)RU\TPU\book\268025
|
| 090 |
|
|
|a 246572
|
| 100 |
|
|
|a 20131206a1990 k a0rusy5003 ca
|
| 101 |
0 |
|
|a rus
|
| 102 |
|
|
|a RU
|
| 105 |
|
|
|a a z 001zy
|
| 200 |
1 |
|
|a Эволюция геологических процессов и металлогения Монголии
|e труды
|f Совместная советско-монгольская научно-исследовательская геологическая экспедиция ; под ред. Н. С. Зайцева
|
| 210 |
|
|
|a Москва
|c Наука
|d 1990
|
| 215 |
|
|
|a 235,[4] с.
|c ил., карт.
|
| 225 |
1 |
|
|a Совместная советско-монгольская научно-исследовательская геологическая экспедиция
|v Вып. 49
|
| 320 |
|
|
|a Библиогр. в конце ст.
|
| 606 |
1 |
|
|a Металлогения
|2 stltpush
|3 (RuTPU)RU\TPU\subj\42411
|9 62078
|
| 606 |
1 |
|
|a Геология
|2 stltpush
|3 (RuTPU)RU\TPU\subj\6095
|9 34054
|
| 610 |
1 |
|
|a Монгольская Народная Республика
|
| 610 |
1 |
|
|a геологические процессы
|
| 610 |
1 |
|
|a эволюция
|
| 610 |
1 |
|
|a геологические экспедиции
|
| 610 |
1 |
|
|a докембрий
|
| 610 |
1 |
|
|a геологические формации
|
| 610 |
1 |
|
|a геологическое строение
|
| 610 |
1 |
|
|a магматизм
|
| 675 |
|
|
|a 51
|z rus
|
| 675 |
|
|
|a 553.078
|z rus
|
| 702 |
|
1 |
|a Зайцев
|b Н. С.
|4 340
|
| 712 |
0 |
2 |
|a Совместная советско-монгольская научно-исследовательская геологическая экспедиция
|2 stltpush
|3 (RuTPU)RU\TPU\col\17530
|9 26678
|
| 801 |
|
0 |
|a RU
|b RuMRKP
|c 19950417
|g psbo
|
| 801 |
|
1 |
|a RU
|b 63413507
|c 20131206
|
| 801 |
|
2 |
|a RU
|b 63413507
|c 20131219
|g RCR
|
| 942 |
|
|
|c BK
|